|
|
|
|
| LEADER |
00000nab a2200000 a 4500 |
| 001 |
vtls000158557 |
| 003 |
SK-MaSNL |
| 005 |
20260304075340.0 |
| 008 |
250423c1983 xo 0 slo |
| 015 |
|
|
|a SNBRB19rr/mm-uuuuu
|
| 035 |
|
|
|a CL0168666
|
| 035 |
|
|
|a urn:nbn:sk:snk-ab45a
|
| 035 |
|
|
|a (urnnbn)urn:nbn:sk:snk:ar-a04y53
|
| 035 |
|
|
|a (uuid)18a6b822-62b4-47d3-a27e-971a83b7e63b
|
| 040 |
|
|
|a SNKBUCL
|b slo
|c SNKBUCL
|e AACR2
|
| 041 |
0 |
|
|a slo
|
| 044 |
|
|
|a xo
|c SK
|
| 080 |
|
|
|a 82:028
|2 1981
|
| 080 |
|
|
|a 028
|2 1981
|
| 080 |
|
|
|a 82:37
|2 1981
|
| 100 |
1 |
|
|a Maukšová, Felicitas,
|d 1939-
|4 aut
|9 226035
|
| 245 |
1 |
0 |
|a Tri gaštanové kone v recepcii učňovskej mládeže
|c Felicitas Maukšová
|
| 600 |
1 |
7 |
|a Figuli, Margita,
|d 1909-1995
|t Tri gaštanové kone
|2 snkbucl
|9 108545
|
| 655 |
|
7 |
|a články z novín a časopisov
|2 snkbucl
|9 267496
|
| 655 |
|
7 |
|a články z odboru literárna veda a krásna literatúra
|2 snkbucl
|9 770045
|
| 773 |
0 |
|
|t Slovenský jazyk a literatúra v škole
|g Roč. 29, č. 5 (1982/1983), s. 149-151
|
| 850 |
|
|
|a Slovenská národná knižnica
|
| 852 |
|
|
|a Slovenská národná knižnica
|
| 954 |
|
|
|a odborná, vedecká literatúra pôvodná (slovenská)
|2 lita
|
| 958 |
|
|
|a article27
|
| 958 |
|
|
|a RK
|
| 958 |
|
|
|a LX
|
| 958 |
|
|
|a OND
|
| 958 |
|
|
|a EUIPO
|
| 992 |
|
|
|a RBX
|
| 999 |
|
|
|c 2780939
|d 2782869
|